| 000 | 00389nam a2200157Ia 4500 | ||
|---|---|---|---|
| 008 | 210210b2000 xxu||||| |||| 00| 0 eng d | ||
| 020 | _a0 521 45618 5 | ||
| 082 | _a574 JONB | ||
| 100 | _aJONES (Mary) & JONES (Geoff). | ||
| 245 | _aBiology. | ||
| 260 |
_aNew York _bCambridge University Press _c2000 |
||
| 300 | _aiv,316 | ||
| 650 | _aBiology | ||
| 690 | _aBiology | ||
| 906 | _aSG03771 | ||
| 999 |
_c114816 _d114816 |
||